Städte Niedersachsens - Sudden Death - Statistiken

Allgemein
  • Dieses Quiz wurde 1.031 mal gespielt
    207 seit der letzten Aktualisierung
  • Das Durchschnittsergebnis liegt bei 8 aus 15
Answers on the Grid
Answers color-coded by a green-red scale on the quiz's grid according to % correct below.
Braunschweig
Bremerhaven
Wilhelmshaven
Dinslaken
Lünen
Lehr
Göttingen
Celle
Langenfeld
Goslar
Wernigerode
Wolfsberg
Oldenburg
Cuxhaven
Emden
Wolfenbüttel
Ahaus
Hameln
Meppen
Elmshorn
Löhne
Coburg
Osnabrück
Velen
Einbeck
Naumburg (Weser)
Demmin
Uelzen
Aurich
Dassow
 
Antwortstatistiken
Antwort % Korrekt
Osnabrück
71%
Oldenburg
67%
Braunschweig
61%
Celle
60%
Cuxhaven
58%
Göttingen
56%
Emden
55%
Goslar
54%
Wilhelmshaven
54%
Meppen
48%
Wolfenbüttel
47%
Aurich
46%
Uelzen
44%
Hameln
41%
Einbeck
28%
Keine übereinstimmenden Quizze gefunden
Verteilung der Resultate
Anzahl Personen mit jedem Resultat
Perzentil nach korrekt beantworteten Fragen
Ihre Resultats-Entwicklung
Sie haben dieses Quiz seit der letzten Aktualisierung nicht gespielt